000 01323nam a2200409 c 4500
001 6144
003 ES-MaCES
005 20141221121826.0
008 971223s1997 sp d ||| | spa d
017 _aNA 151-1997
_bDL
020 _a8431314869
035 _aCES19980061973m
040 _aES-MaCES
_bspa
_cES-MaCES
100 1 _aMateo Dueñas, Ricardo
_918121
245 1 0 _aRediseño general del sistema de pensiones español
_cRicardo Mateo Dueñas
260 _aPamplona
_bEUNSA, Ediciones Universidad de Navarra
_cD.L. 1997
300 _a380 p.
_bgráf.
_c23 cm
490 1 _aLibros de economía
504 _aBibliografía: p. 351-380
541 _cCompra
650 4 _aseguridad social
_927034
650 4 _arégimen de pensión
_927042
650 4 _aseguro social
_930150
650 4 _apago de prestaciones
_930465
650 4 _aprestaciones monetarias
_930244
650 4 _afinanciación de la seguridad social
_930265
650 4 _afondo de jubilaciones
_929816
650 4 _areforma social
_927030
650 4 _aEspaña
_926964
650 4 _aaspecto jurídico
_927152
650 4 _acuadros estadísticos
_928890
653 1 0 _aSeguridad Social
830 0 _aLibros de economía (EUNSA)
_932923
902 _aLIB Libro
942 _2CES
_cBK
_h3.0.
999 _c6144
_d6144